000 00327nam a2200133Ia 4500
008 191201s2013 xx 000 0 und d
082 _a332
_bGOF
100 _aGORDON,E
245 0 _aFinancial Markets and Services
260 _aN. delhi
_bHimala Publication House
_c2013
300 _a495
650 _aBBA
942 _2ddc
_cBK
_02
999 _c5674
_d5674